Modern Hindi poetry (Record no. 130645)

MARC details
000 -LEADER
fixed length control field 00767nam a2200265Ia 4500
003 - CONTROL NUMBER IDENTIFIER
control field OSt
005 - DATE AND TIME OF LATEST TRANSACTION
control field 20220918165648.0
008 - FIXED-LENGTH DATA ELEMENTS--GENERAL INFORMATION
fixed length control field 220917b |||||||| |||| 00| 0 eng d
020 ## - INTERNATIONAL STANDARD BOOK NUMBER
International Standard Book Number 8170232996
037 ## - SOURCE OF ACQUISITION
Terms of availability Textual
040 ## - CATALOGING SOURCE
Original cataloging agency ARTS
Transcribing agency ARTS
Language of cataloging eng
041 ## - LANGUAGE CODE
Source of code eng
Language code of text/sound track or separate title eng
100 ## - MAIN ENTRY--PERSONAL NAME
Personal name Misra Vidya Niwas ed
9 (RLIN) 25053
245 #0 - TITLE STATEMENT
Title Modern Hindi poetry
Remainder of title An anthology
260 ## - PUBLICATION, DISTRIBUTION, ETC.
Place of publication, distribution, etc. New Delhi
Name of publisher, distributor, etc. Allied Pub
Date of publication, distribution, etc. 1990
300 ## - PHYSICAL DESCRIPTION
Extent xxvii,151p
Dimensions cm.
650 ## - SUBJECT ADDED ENTRY--TOPICAL TERM
Topical term or geographic name entry element HINDI POETRY; ENGLISH LITERATURE
9 (RLIN) 25054
700 ## - ADDED ENTRY--PERSONAL NAME
Personal name Nathan Leonard tr
9 (RLIN) 25055
942 ## - ADDED ENTRY ELEMENTS (KOHA)
Classification part O152,1x, 111N0
Koha item type Textual
Source of classification or shelving scheme Colon Classification (CC)
Holdings
Withdrawn status Lost status Damaged status Not for loan Home library Current library Date acquired Total Checkouts Full call number Barcode Date last seen Price effective from Koha item type
        Arts Library Arts Library 2022-09-18   O152,1x 111N0 AL0992664 2022-09-18 2022-09-18 Textual
Copyright @ Delhi University Library System